000 00343nam a2200145Ia 4500
008 230711s9999||||xx |||||||||||||| ||und||
041 _aENG
082 _a530
_bPA-N
100 _aPatel,SB
245 0 _aNuclear Physics an introduction
250 _a1st
260 _c1991
_aNew Delhi
_bWiley Eastern Limited
650 _aPhysics
942 _cBK
999 _c1665
_d1665